[Event "XXXVI C.to Italiano a squadre A1.4"]
[Site "Massafra ITA"]
[Date "2004.03.07"]
[Round "2"]
[White "Mazzilli, Piero"]
[Black "Campanile, Antonio"]
[Result "1-0"]
[WhiteElo "2315"]
[BlackElo "2096"]
[PlyCount "71"]
[EventDate "2004.03.06"]

1. d4 f5 2. Nf3 Nf6 3. g3 g6 4. Bg2 Bg7 5. O-O O-O 6. c4 d6 7. Nc3 Qe8 8. d5 a5
9. Nd4 Na6 10. e4 Nxe4 11. Nxe4 fxe4 12. Bxe4 Nc5 13. Bg2 Rb8 14. Re1 Qf7 15.
Be3 Bd7 16. Qd2 b6 17. Re2 Rfe8 18. Rae1 Bg4 19. f3 Bd7 20. Bg5 Bf6 21. Ne6
Bxe6 22. dxe6 Qg7 23. Bh6 Qh8 24. h4 b5 25. cxb5 Rxb5 26. Qf4 Rb4 27. Qc1 Bxb2
28. Qc2 Bd4+ 29. Kh2 Reb8 30. h5 Rb2 31. Qc4 Rxe2 32. Rxe2 Bg7 33. Be3 gxh5 34.
Bxc5 dxc5 35. Qxc5 Be5 36. Rxe5 1-0

[Event "XXXVI C.to Italiano a squadre A1.4"]
[Site "Massafra ITA"]
[Date "2004.03.07"]
[Round "2"]
[White "Napoli Costa, Aurelio"]
[Black "Fiore, Mario"]
[Result "0-1"]
[WhiteElo "2138"]
[BlackElo "2289"]
[PlyCount "82"]
[EventDate "2004.03.06"]

1. e4 c5 2. Nf3 Nc6 3. d4 cxd4 4. Nxd4 g6 5. c4 Nf6 6. Nc3 d6 7. Be2 Nxd4 8.
Qxd4 Bg7 9. Be3 O-O 10. Qd2 Be6 11. Bh6 Bxh6 12. Qxh6 Rc8 13. b3 a6 14. h4 Qa5
15. Rc1 b5 16. h5 bxc4 17. hxg6 fxg6 18. bxc4 Bxc4 19. Qd2 Bxe2 20. Kxe2 Rc4
21. Qd3 Rfc8 22. Rh3 Nxe4 23. Nxe4 Rxc1 24. Qb3+ d5 25. Nd2 Qb5+ 26. Rd3 e6 27.
Ke3 Qc5+ 28. Ke2 Rf8 29. f3 Qg1 30. Re3 Qxg2+ 31. Kd3 Qh3 32. Qb6 Qf5+ 33. Ke2
Rc2 34. Qxa6 d4 35. Qxe6+ Qxe6 36. Rxe6 Rxa2 37. Rd6 Re8+ 38. Kd1 Ra4 39. Nb3
Re3 40. Kc2 Rc3+ 41. Kb2 Rb4 0-1

[Event "XXXVI C.to Italiano a squadre A1.4"]
[Site "Massafra ITA"]
[Date "2004.03.07"]
[Round "2"]
[White "Sabia, Corrado"]
[Black "Cusmano, Antonello"]
[Result "1-0"]
[WhiteElo "2148"]
[BlackElo "1612"]
[PlyCount "53"]
[EventDate "2004.03.06"]

1. e4 c5 2. Nf3 e6 3. d4 cxd4 4. Nxd4 Bc5 5. Nb3 Bb6 6. Bd3 Nc6 7. Nc3 a6 8.
Qe2 Ne5 9. Be3 Bc7 10. O-O-O Nf6 11. f4 Nxd3+ 12. Rxd3 b5 13. e5 b4 14. exf6
bxc3 15. fxg7 cxb2+ 16. Kb1 Rg8 17. Bd4 Bxf4 18. Qe4 d5 19. Qxf4 Qe7 20. Bf6
Qb7 21. Qd6 Qd7 22. Qe5 Qc6 23. Rc3 Qb6 24. Rc7 Bd7 25. Nc5 Rd8 26. Bxd8 Kxd8
27. Rxd7+ 1-0

[Event "XXXVI C.to Italiano a squadre A1.4"]
[Site "Massafra ITA"]
[Date "2004.03.07"]
[Round "2"]
[White "Shytaj, Luca"]
[Black "Cappadona, Salvatore"]
[Result "1-0"]
[WhiteElo "2342"]
[BlackElo "2157"]
[PlyCount "73"]
[EventDate "2004.03.06"]

1. e4 d6 2. d4 Nf6 3. Nc3 g6 4. f3 Bg7 5. Be3 c6 6. Qd2 b5 7. Bh6 Bxh6 8. Qxh6
Qa5 9. Qd2 Nbd7 10. a4 b4 11. Nd1 c5 12. d5 Ne5 13. Ne3 Ba6 14. Bxa6 Qxa6 15.
Ne2 Rb8 16. O-O O-O 17. Ng3 c4 18. Qd4 Rfc8 19. f4 Neg4 20. Nxg4 Nxg4 21. h3
Nf6 22. e5 Nd7 23. Kh2 Qb6 24. Qe4 Nc5 25. Qf3 Nd7 26. e6 fxe6 27. Qg4 Nf6 28.
Qxe6+ Kh8 29. f5 Rf8 30. fxg6 hxg6 31. Rf4 Qb7 32. Raf1 Kg7 33. R1f3 Rbc8 34.
Nf5+ gxf5 35. Rg3+ Ng4+ 36. Rgxg4+ fxg4 37. Rxg4+ 1-0

[Event "XXXVI C.to Italiano a squadre A1.4"]
[Site "Massafra ITA"]
[Date "2004.04.16"]
[Round "3"]
[White "Collutiis, Duilio"]
[Black "Efimov, Igor"]
[Result "0-1"]
[WhiteElo "2420"]
[BlackElo "2496"]
[PlyCount "50"]
[EventDate "2004.03.06"]

1. Nf3 Nf6 2. g3 d5 3. Bg2 e6 4. O-O Be7 5. c4 O-O 6. b3 a5 7. a3 c6 8. d3 b5
9. Nbd2 Ba6 10. Bb2 Qb6 11. Ra2 Rd8 12. Qa1 Nbd7 13. Rc1 c5 14. Ne5 Ra7 15.
Ndf3 Nxe5 16. Bxe5 a4 17. Rb2 axb3 18. Rxb3 dxc4 19. dxc4 b4 20. Qb1 Rad7 21.
Ng5 h6 22. Bxf6 Bxf6 23. Ne4 Bxc4 24. Nxc5 Qxc5 25. Rxb4 Bc3 0-1

[Event "XXXVI C.to Italiano a squadre A1.4"]
[Site "Massafra ITA"]
[Date "2004.04.16"]
[Round "3"]
[White "Ferro, Mario"]
[Black "Martorelli, Antonio"]
[Result "1-0"]
[WhiteElo "2212"]
[BlackElo "2266"]
[PlyCount "115"]
[EventDate "2004.03.06"]

1. Nf3 d5 2. d4 Nf6 3. g3 c6 4. Bg2 Bf5 5. Nbd2 e6 6. c4 Nbd7 7. O-O Be7 8. b3
h6 9. Bb2 O-O 10. Ne5 a5 11. Nxd7 Qxd7 12. Nf3 b5 13. Qc1 bxc4 14. bxc4 Rfb8
15. Ba3 Bxa3 16. Qxa3 Rb4 17. Ne5 Qb7 18. Rac1 Be4 19. f3 Bf5 20. e4 Bh7 21.
cxd5 cxd5 22. Nc6 Rb6 23. Ne7+ Kh8 24. e5 Nh5 25. Qc5 Re8 26. Nc8 Rb5 27. Qc3
Qd7 28. Nd6 Reb8 29. Nxb5 Qxb5 30. f4 Bd3 31. Rf2 g6 32. Bf1 Bxf1 33. Rfxf1 Qa4
34. Qd2 Ng7 35. g4 h5 36. h3 Kg8 37. Rb1 Rc8 38. Rfc1 Rd8 39. Rc5 Ra8 40. Rb3
Kh7 41. Kg2 Ra6 42. Rbb5 Ra7 43. Rxa5 Rxa5 44. Rxa5 Qd7 45. Qc2 hxg4 46. hxg4
Qd8 47. Ra3 Ne8 48. Rc3 Qb6 49. Qd2 Qb4 50. Rc2 Kg7 51. a4 f6 52. a5 Qb5 53.
Rb2 Qc4 54. Rb4 Qc6 55. Rb6 Qa4 56. Rxe6 fxe5 57. dxe5 Nc7 58. Re7+ 1-0

[Event "XXXVI C.to Italiano a squadre A1.4"]
[Site "Massafra ITA"]
[Date "2004.04.16"]
[Round "3"]
[White "Fiore, Mario"]
[Black "Mazzilli, Piero"]
[Result "1/2-1/2"]
[WhiteElo "2289"]
[BlackElo "2304"]
[PlyCount "93"]
[EventDate "2004.03.06"]

1. e4 c5 2. Nf3 d6 3. d4 cxd4 4. Qxd4 Nc6 5. Bb5 Qd7 6. Bxc6 bxc6 7. c4 e5 8.
Qd3 f5 9. Nc3 Nf6 10. Bg5 Be7 11. Rd1 O-O 12. Bxf6 gxf6 13. exf5 Qxf5 14. Qxf5
Bxf5 15. g4 Be6 16. Nh4 Kf7 17. Nf5 Rad8 18. b3 d5 19. cxd5 cxd5 20. Nxe7 Kxe7
21. f3 Rd7 22. Kd2 Rc8 23. Rc1 Rdc7 24. Rhf1 a6 25. h3 Kd6 26. Rfd1 Bf7 27. Ne2
d4 28. Rxc7 Rxc7 29. Rc1 Bd5 30. Rxc7 Kxc7 31. f4 Kd6 32. h4 Bf3 33. g5 fxg5
34. fxe5+ Kxe5 35. hxg5 Bd5 36. Kd3 Be4+ 37. Kd2 d3 38. Nc3 Bf5 39. b4 Kf4 40.
a4 Kxg5 41. b5 axb5 42. axb5 Kf4 43. b6 Bc8 44. Nb5 Ke5 45. Kxd3 Kd5 46. Ke3
Kc5 47. Nd4 1/2-1/2

[Event "XXXVI C.to Italiano a squadre A1.4"]
[Site "Massafra ITA"]
[Date "2004.04.16"]
[Round "3"]
[White "Sarno, Spartaco"]
[Black "Shytaj, Luca"]
[Result "1/2-1/2"]
[WhiteElo "2401"]
[BlackElo "2342"]
[PlyCount "46"]
[EventDate "2004.03.06"]

1. d4 Nf6 2. c4 c5 3. d5 b5 4. Nf3 g6 5. cxb5 a6 6. bxa6 Bxa6 7. Nc3 Bg7 8. e4
Bxf1 9. Kxf1 d6 10. g3 O-O 11. Kg2 Nbd7 12. Re1 Ra6 13. Re2 Qa8 14. Bg5 e6 15.
Rc1 exd5 16. exd5 Nb6 17. Bxf6 Bxf6 18. Ne4 Bg7 19. Nxd6 Nxd5 20. Ne4 Rd8 21.
Qb3 Rb8 22. Qd1 Rd8 23. Qb3 Rb8 1/2-1/2

[Event "XXXVI C.to Italiano a squadre A1.4"]
[Site "Massafra ITA"]
[Date "2004.04.18"]
[Round "5"]
[White "Ariete, Gerardo"]
[Black "Martorelli, Antonio"]
[Result "1/2-1/2"]
[WhiteElo "2091"]
[BlackElo "2266"]
[PlyCount "76"]
[EventDate "2004.03.06"]

1. e4 c5 2. Nf3 e6 3. g3 d5 4. Nc3 d4 5. Nb1 Nc6 6. d3 e5 7. Bg2 Nf6 8. a4 Be7
9. Nbd2 b6 10. Nc4 Nd7 11. Bh3 Qc7 12. O-O O-O 13. Bd2 Rb8 14. b3 a6 15. Ne1 b5
16. Nb2 Nb6 17. Qh5 bxa4 18. Nxa4 Nd7 19. Qe2 Na7 20. Nb2 Nb6 21. Bxc8 Qxc8 22.
f4 exf4 23. gxf4 Nb5 24. f5 Nc3 25. Qg2 Bf6 26. Nf3 Kh8 27. Kh1 Rg8 28. Rf2 Ra8
29. Qh3 a5 30. Rg2 a4 31. Rg3 g6 32. Qxh7+ Kxh7 33. Rh3+ Bh4 34. Rxh4+ Kg7 35.
Bh6+ Kf6 36. Bg5+ Kg7 37. Bh6+ Kf6 38. Bg5+ Kg7 1/2-1/2

[Event "XXXVI C.to Italiano a squadre A1.4"]
[Site "Massafra ITA"]
[Date "2004.04.18"]
[Round "5"]
[White "Campanile, Roberto"]
[Black "Shytaj, Luca"]
[Result "0-1"]
[WhiteElo "2183"]
[BlackElo "2342"]
[PlyCount "52"]
[EventDate "2004.03.06"]

1. e4 c5 2. Nc3 d6 3. f4 Nc6 4. Nf3 g6 5. Bc4 Bg7 6. O-O e6 7. f5 exf5 8. d3
Nge7 9. Ng5 Bd4+ 10. Kh1 Ne5 11. Ne2 Nxc4 12. Nxd4 Ne5 13. Ndf3 h6 14. Nxe5
dxe5 15. Nf3 Nc6 16. exf5 Bxf5 17. Re1 Qe7 18. Bf4 f6 19. Nh4 O-O-O 20. g4 Be6
21. Nxg6 Qg7 22. Nxh8 Bd5+ 23. Kg1 exf4 24. h3 Ne5 25. Rxe5 fxe5 26. c4 Bc6 0-1

[Event "XXXVI C.to Italiano a squadre A1.4"]
[Site "Massafra ITA"]
[Date "2004.04.18"]
[Round "5"]
[White "Collutiis, Duilio"]
[Black "Indelicati, Giuseppe"]
[Result "1/2-1/2"]
[WhiteElo "2420"]
[BlackElo "2195"]
[PlyCount "101"]
[EventDate "2004.03.06"]

1. Nc3 d5 2. e4 dxe4 3. Nxe4 Nc6 4. Bc4 g6 5. Nf3 Bg7 6. c3 Nh6 7. d4 O-O 8.
O-O Nf5 9. Re1 Nd6 10. Bd3 Be6 11. Bf4 Bd5 12. Ned2 Qd7 13. h3 Rad8 14. b4 Bxf3
15. Nxf3 Nf5 16. Bf1 Rfe8 17. Qb3 e6 18. Rad1 Nfe7 19. a3 Nd5 20. Bg5 Rc8 21.
c4 Nb6 22. Ne5 Nxe5 23. dxe5 Qa4 24. Qxa4 Nxa4 25. f4 Nb6 26. Rd2 h6 27. Bh4 a6
28. Red1 g5 29. fxg5 hxg5 30. Bg3 Bf8 31. Bf2 Bg7 32. Be3 g4 33. Bf4 gxh3 34.
gxh3 Kh8 35. Kh1 Rg8 36. h4 Bf8 37. Bg5 Bg7 38. Bf4 Bf8 39. Bg5 Bg7 40. Rf2
Bxe5 41. Rxf7 Rcf8 42. Rxf8 Rxf8 43. Kg2 Bb2 44. Rd8 Kg8 45. Be7 Rxd8 46. Bxd8
Bxa3 47. Bxc7 Na8 48. Bd8 Bxb4 49. Bd3 Bc5 50. Be4 Nb6 51. Bxb7 1/2-1/2

[Event "XXXVI C.to Italiano a squadre A1.4"]
[Site "Massafra ITA"]
[Date "2004.04.18"]
[Round "5"]
[White "Fiore, Mario"]
[Black "Campanile, Antonio"]
[Result "1-0"]
[WhiteElo "2289"]
[BlackElo "2096"]
[PlyCount "65"]
[EventDate "2004.03.06"]

1. e4 d5 2. exd5 Qxd5 3. Nc3 Qd6 4. d4 Nf6 5. Nf3 a6 6. Be3 Nc6 7. Qd2 Bg4 8.
Ng5 e6 9. f3 Bf5 10. Nge4 Qd7 11. Nxf6+ gxf6 12. Ne4 Be7 13. O-O-O O-O-O 14.
Bc4 Qe8 15. Qe2 Nb4 16. Bf2 Rg8 17. Bg3 Qc6 18. Kb1 Nd5 19. Bb3 Bg6 20. c4 Nb6
21. Ka1 Qe8 22. d5 e5 23. c5 Bxe4 24. cxb6 Bf5 25. Rc1 Bd6 26. bxc7 Bxc7 27.
Bf2 Rxg2 28. Qc4 Rd7 29. Bb6 Qe7 30. Ba4 Kb8 31. Bxd7 Bxb6 32. Bxf5 Bd4 33. Rc2
1-0

[Event "VII Weekend"]
[Site "Cavarzere ITA"]
[Date "2004.10.16"]
[Round "1"]
[White "Crivellaro, Luciano"]
[Black "Ballarin, Gabriele"]
[WhiteElo "1613"]
[BlackElo "1781"]
[Result "0-1"]
[PlyCount "96"]
[EventDate "2004.10.16"]

1. e4 c5 2. Nf3 e6 3. d4 cxd4 4. Nxd4 Nf6 5. Nc3 Nc6 6. Nxc6 bxc6 7. e5 Nd5 8.
Ne4 Qc7 9. f4 Rb8 10. Bc4 Ba6 11. Bxa6 Qa5+ 12. Qd2 Qxa6 13. Qe2 Qb6 14. a3 Be7
15. c4 Nc7 16. b4 O-O 17. Be3 Qa6 18. O-O f5 19. Bc5 Rf7 20. Bxe7 Rxe7 21. Nd6
Nd5 22. Qd2 Nb6 23. Rfc1 Kf8 24. Qf2 Nc8 25. Qh4 h6 26. c5 Nxd6 27. exd6 Rf7
28. Qg3 Qe2 29. Rc3 Rf6 30. Re1 Qb5 31. h4 a5 32. Rb3 Ra8 33. Qc3 axb4 34. Rxb4
Qa6 35. Reb1 Rg6 36. a4 Qe2 37. Qh3 Qc2 38. Kh2 Qxc5 39. Qa3 Qf2 40. Qh3 Qd2
41. R4b2 Qxf4+ 42. Kh1 Rxa4 43. g3 Qxd6 44. Rg2 Qd5 45. Rbb2 Ra1+ 46. Kh2 Qd1
47. g4 Qh1+ 48. Kg3 Ra3+ 0-1

[Event "VII Weekend"]
[Site "Cavarzere ITA"]
[Date "2004.10.17"]
[Round "2"]
[White "Ballarin, Gabriele"]
[Black "Rossi, Gianni"]
[WhiteElo "1781"]
[BlackElo "2187"]
[Result "1-0"]
[PlyCount "73"]
[EventDate "2004.10.16"]

1. e4 Nf6 2. e5 Nd5 3. d4 d6 4. Nf3 g6 5. Bc4 c6 6. O-O Bg7 7. exd6 Qxd6 8. c3
O-O 9. h3 Bf5 10. Re1 Bxb1 11. Rxb1 e6 12. Bg5 Nd7 13. Qe2 a6 14. Rbd1 b5 15.
Bb3 Rfe8 16. Qd2 N7b6 17. Bh6 Bh8 18. h4 a5 19. h5 a4 20. Bc2 Nc4 21. Qc1 b4
22. hxg6 hxg6 23. cxb4 Qxb4 24. Bxg6 fxg6 25. Qg5 Bg7 26. Qxg6 Qf8 27. Ng5 Nf6
28. Rxe6 Rxe6 29. Nxe6 Qf7 30. Qxg7+ Qxg7 31. Bxg7 Nh5 32. Bh6 Nxb2 33. Rc1 Ra6
34. Nc7 Rb6 35. Be3 Nd3 36. Rd1 Nb4 37. d5 1-0

[Event "VII Weekend"]
[Site "Cavarzere ITA"]
[Date "2004.10.17"]
[Round "3"]
[White "Quaranta, Cristiano"]
[Black "Ballarin, Gabriele"]
[WhiteElo "2091"]
[BlackElo "1781"]
[Result "1-0"]
[PlyCount "151"]
[EventDate "2004.10.16"]

1. d4 e6 2. Nf3 Nf6 3. Nbd2 c5 4. c3 cxd4 5. cxd4 d5 6. e3 Nc6 7. a3 Bd6 8. Bd3
Bd7 9. O-O Rc8 10. b4 a6 11. Bb2 Qb6 12. Qe2 O-O 13. e4 Bf4 14. e5 Ne8 15. Nb3
Na7 16. a4 f5 17. exf6 Rxf6 18. Nc5 Rc7 19. g3 Bh6 20. Ne5 Bc8 21. Qh5 Nd6 22.
Ng4 Rf8 23. Bc1 Nf7 24. Nxh6+ gxh6 25. a5 Qxb4 26. Qg4+ Kh8 27. Ba3 e5 28. Qxc8
Rfxc8 29. Bxb4 Nc6 30. Bc3 exd4 31. Bd2 Nce5 32. Bb4 Rxc5 33. Bxc5 Rxc5 34. Bf5
Nd6 35. Be6 d3 36. f4 Nec4 37. f5 Kg7 38. f6+ Kf8 39. Rf4 Ne5 40. Kf2 d2 41.
Ke2 Rc1 42. Rf1 Rc2 43. Kd1 Rb2 44. Bxd5 Nec4 45. Bxc4 Nxc4 46. Rf3 Kf7 47. Rc3
Nd6 48. Rc2 Rb5 49. Rxd2 Ke6 50. Ke1 Nc4 51. Rf2 Ne5 52. Kf1 Kf7 53. Rc1 Nc6
54. Rd1 Ne5 55. Rd6 Rxa5 56. Rb6 Nd7 57. Rxb7 Rd5 58. Ra7 Rd6 59. Ke1 a5 60.
Rd2 Rxd2 61. Kxd2 Ke6 62. f7 Nf8 63. Kd3 Kf6 64. Kc4 Ke6 65. Kb5 Kf6 66. Kxa5
Ke6 67. Kb5 Kf6 68. Kc4 Ke6 69. Kd3 Kf6 70. Ke4 Ke6 71. Kf3 Kf6 72. Kg4 Kg6 73.
h3 Kf6 74. Kh5 Kg7 75. Rb7 Ng6 76. f8=Q+ 1-0

[Event "VII Weekend"]
[Site "Cavarzere ITA"]
[Date "2004.10.23"]
[Round "4"]
[White "Ballarin, Gabriele"]
[Black "Polato, Mirko"]
[WhiteElo "1781"]
[BlackElo "1709"]
[Result "0-1"]
[PlyCount "154"]
[EventDate "2004.10.16"]

1. e4 e6 2. d4 d5 3. Nc3 Bb4 4. e5 c5 5. Bd2 Ne7 6. Nb5 Bxd2+ 7. Qxd2 cxd4 8.
Nd6+ Kf8 9. f4 Nbc6 10. Nf3 Qb6 11. O-O-O Bd7 12. Nxd4 Nc8 13. N4b5 a6 14. Nxc8
Rxc8 15. Nd4 Nxd4 16. Qxd4 Qxd4 17. Rxd4 Ke7 18. Bd3 h6 19. Re1 Rc7 20. Re3
Rhc8 21. c3 Rc5 22. Kd2 Bb5 23. Bc2 g6 24. a4 Bd7 25. g3 h5 26. Rb4 b5 27. axb5
Rxb5 28. Rxb5 Bxb5 29. Bd3 Rb8 30. Bxb5 Rxb5 31. Kc2 Kd7 32. Rd3 Kc6 33. Rd4
Kb6 34. b3 Rc5 35. h3 Rc8 36. Rb4+ Ka7 37. Kd3 a5 38. Ra4 Kb6 39. Kd4 Kb5 40.
Ra1 Kb6 41. Ra2 Kb5 42. Kd3 Kb6 43. Ra4 Kb5 44. Rd4 Kc5 45. b4+ Kb5 46. bxa5
Kxa5 47. Rb4 Ka6 48. Kd4 Ka7 49. g4 hxg4 50. hxg4 Ka6 51. f5 gxf5 52. gxf5 Rc4+
53. Rxc4 dxc4 54. fxe6 fxe6 55. Kxc4 Kb6 56. Kb4 Kc6 57. c4 Kb6 58. c5+ Ka6 59.
Ka4 Kb7 60. Kb5 Kc7 61. c6 Kc8 62. Kc4 Kd8 63. Kb5 Kc8 64. Kb4 Kd8 65. Kc4 Kc8
66. Kd4 Kd8 67. Ke4 Kc7 68. Kf4 Kxc6 69. Kg5 Kc5 70. Kg6 Kd4 71. Kf6 Kd5 72.
Kg5 Kxe5 73. Kg4 Ke4 74. Kg3 Ke3 75. Kg2 e5 76. Kf1 Kd2 77. Kg2 e4 0-1

[Event "VII Weekend"]
[Site "Cavarzere ITA"]
[Date "2004.10.24"]
[Round "5"]
[White "Ballarin, Gabriele"]
[Black "Bonivento, Sandro"]
[WhiteElo "1781"]
[BlackElo "1658"]
[Result "0-1"]
[PlyCount "80"]
[EventDate "2004.10.16"]

1. e4 e5 2. Nc3 Nf6 3. Bc4 Be7 4. d3 d6 5. f4 Nc6 6. Nf3 O-O 7. fxe5 dxe5 8.
O-O Bg4 9. Qe1 Bxf3 10. gxf3 Nd4 11. Rf2 Nh5 12. Qf1 Bg5 13. Qg2 Bxc1 14. Rxc1
Nf4 15. Qg3 c6 16. Kh1 b5 17. Bb3 b4 18. Rg1 g6 19. Na4 Nde2 20. Rxe2 Nxe2 21.
Qxe5 Nxg1 22. Kxg1 Re8 23. Qc5 Qf6 24. Kf2 Re5 25. Qxb4 Rh5 26. Ke3 Rh3 27. Qb7
Rxf3+ 28. Kd2 Rf2+ 29. Ke3 Rd8 30. Bxf7+ Qxf7 31. Qxf7+ Rxf7 32. Nc5 Rf1 33.
Ne6 Re8 34. Nd4 Rc8 35. b3 h5 36. a4 a5 37. Ke2 Rh1 38. Nf3 Rf8 39. e5 Rxf3 40.
Kxf3 Rxh2 0-1

[Event "VII Weekend"]
[Site "Cavarzere ITA"]
[Date "2004.10.24"]
[Round "6"]
[White "Biagioli, Valerio"]
[Black "Ballarin, Gabriele"]
[WhiteElo "1637"]
[BlackElo "1781"]
[Result "0-1"]
[PlyCount "114"]
[EventDate "2004.10.16"]

1. d4 f5 2. c4 Nf6 3. Nc3 g6 4. e4 fxe4 5. Bg5 Bg7 6. Bxf6 exf6 7. Nxe4 d5 8.
Nc3 c6 9. Bd3 O-O 10. cxd5 Re8+ 11. Nge2 cxd5 12. O-O Nc6 13. Bb5 a6 14. Ba4
Bg4 15. f3 Be6 16. Qd2 Qd6 17. Nf4 Bh6 18. g3 Bxf4 19. gxf4 Qb4 20. Bxc6 bxc6
21. Rfe1 Bf5 22. a3 Qd6 23. Na4 Rad8 24. Nc5 Bc8 25. Re3 Kf7 26. f5 g5 27. Qe2
Rxe3 28. Qxe3 Re8 29. Qd2 Qe7 30. Kf2 Qd6 31. Kg2 h5 32. Re1 Rxe1 33. Qxe1 Qe7
34. Qd2 Qa7 35. Qa5 Ke7 36. Qb4 Kf7 37. Qa5 Qe7 38. Qd2 a5 39. Qxa5 Qe2+ 40.
Kg1 Bxf5 41. Qc7+ Kg6 42. Qg3 Qxb2 43. Qf2 Qxa3 44. Qe1 Kf7 45. Nb7 Qe7 46.
Qxe7+ Kxe7 47. Kf2 Bc8 48. Nc5 h4 49. Ke3 Bh3 50. Nd3 Bf1 51. Nf2 Ke6 52. f4
Kf5 53. fxg5 fxg5 54. Kf3 g4+ 55. Ke3 g3 56. hxg3 hxg3 57. Nh1 Kg4 0-1

[Event "XXXII Gold Cup"]
[Site "Merano - Meran ITA"]
[Date "2004.04.25"]
[Round "3"]
[White "Kelchner, Hans"]
[Black "Wempe, Juergen"]
[Result "1/2-1/2"]
[WhiteElo "2183"]
[BlackElo "2202"]
[PlyCount "42"]
[EventDate "2004.04.23"]

1.c4 e5 2.Nc3 Bb4 3.Qb3 Nc6 4.e3 Nf6 5.Nd5 Ba5 6.Qa4 O-O 7.a3 d6 8.b4 Bb6 
9.Nxb6 cxb6 10.Bb2 Be6 11.Nf3 e4 12.Nd4 Ne5 13.Nxe6 fxe6 14.Bxe5 dxe5 15.
Be2 a6 16.Qc2 Rc8 17.O-O Qc7 18.Rac1 Rfd8 19.Rfd1 Kh8 20.Qb1 Rd7 21.g3 
Rcd8 1/2-1/2

[Event "XXXII Gold Cup"]
[Site "Merano - Meran ITA"]
[Date "2004.04.27"]
[Round "5"]
[White "Wempe, Juergen"]
[Black "Gerhards, Walter"]
[Result "1/2-1/2"]
[WhiteElo "2202"]
[BlackElo "2016"]
[PlyCount "97"]
[EventDate "2004.04.23"]

1.e4 e6 2.d4 d5 3.Nd2 Nf6 4.e5 Nfd7 5.c3 c5 6.Bd3 Nc6 7.Ngf3 Qb6 8.O-O 
cxd4 9.cxd4 Nxd4 10.Nxd4 Qxd4 11.Nf3 Qb6 12.Qa4 Be7 13.Be3 Qd8 14.Rac1 O-O
15.Qg4 f5 16.Qg3 Rf7 17.Qh3 Nf8 18.g4 f4 19.Bd4 Bd7 20.Kh1 a6 21.g5 g6 22.
Rg1 Rc8 23.Qf1 Rxc1 24.Qxc1 Bb5 25.Bxb5 axb5 26.Qc2 Qa5 27.Qc8 Qxa2 28.Rc1
Qb3 29.Kg2 Qd3 30.Rc7 Qf5 31.h3 Bxg5 32.Rxf7 Kxf7 33.Qxb7+ Kg8 34.Qxb5 Bh6
35.Qe8 Bg7 36.b4 g5 37.Qh5 h6 38.b5 Ng6 39.Qg4 Qe4 40.Kh2 Kf7 41.h4 Nxh4 
42.Qh5+ Kg8 43.Nxh4 gxh4 44.Qe8+ Kh7 45.Qxe6 Qxd4 46.Qf5+ Kg8 47.Qe6+ Kf8 
48.Qd6+ Kf7 49.Qd7+ 1/2-1/2

[Event "XXXII Gold Cup"]
[Site "Merano - Meran ITA"]
[Date "2004.04.29"]
[Round "7"]
[White "Luecke, Volkmar"]
[Black "Kelchner, Hans"]
[Result "1-0"]
[WhiteElo "2001"]
[BlackElo "2183"]
[PlyCount "73"]
[EventDate "2004.04.23"]

1.Nf3 d5 2.g3 c5 3.Bg2 Nc6 4.d4 e6 5.O-O cxd4 6.Nxd4 Bc5 7.Nxc6 bxc6 8.c4 
Nf6 9.Qc2 Qe7 10.Bg5 Bd7 11.e4 dxe4 12.Bxe4 h6 13.Bxf6 gxf6 14.Nc3 h5 15.
Rad1 f5 16.Bxf5 exf5 17.Rfe1 Be6 18.Nd5 cxd5 19.cxd5 O-O 20.dxe6 fxe6 21.
Qe2 Rae8 22.Qxh5 Kg7 23.Rd3 Rh8 24.Qd1 Qf6 25.Qb3 Kf7 26.Qc4 Bb6 27.Rf3 
Rc8 28.Qb3 Rhd8 29.g4 Rc5 30.h3 Rd2 31.Qa4 Rcd5 32.Qc6 Rd6 33.Qc4 Rxf2 34.
Rxf2 fxg4 35.Rf1 Kg6 36.Qxg4+ Kf7 37.Kg2 1-0

[Event "II Open ICSC"]
[Site "Malente GER"]
[Date "2004.07.26"]
[Round "2"]
[White "Pasquotto, Mirko"]
[Black "Rossinskaya, Ljudmilla"]
[Result "1/2-1/2"]
[WhiteElo "1778"]
[BlackElo "1864"]
[PlyCount "74"]
[EventDate "2004.07.25"]

1. e4 c5 2. Nf3 d6 3. d4 cxd4 4. Nxd4 Nf6 5. Nc3 g6 6. Be3 Bg7 7. f3 O-O 8. Qd2
Nc6 9. Bc4 Bd7 10. O-O-O Nxd4 11. Bxd4 a6 12. Bb3 Bc6 13. h4 h5 14. Qe2 e5 15.
Bxe5 Qa5 16. Bxd6 Rfe8 17. Qc4 Re6 18. e5 Ne8 19. Qd3 Nxd6 20. Bxe6 fxe6 21.
exd6 Bxc3 22. Qxc3 Qxa2 23. b3 Kf7 24. Rhg1 Rd8 25. g4 hxg4 26. fxg4 Qa3+ 27.
Kb1 Rxd6 28. Rgf1+ Kg8 29. Rxd6 Qxd6 30. Qf6 Kh7 31. h5 gxh5 32. Qf7+ Kh8 33.
Qxh5+ Kg8 34. Qg6+ Kh8 35. Rh1+ Bxh1 36. Qh5+ Kg7 37. Qxh1 b5 1/2-1/2

[Event "II Open ICSC"]
[Site "Malente GER"]
[Date "2004.07.28"]
[Round "4"]
[White "Pasquotto, Mirko"]
[Black "Grudina, Marco"]
[Result "1/2-1/2"]
[WhiteElo "1778"]
[BlackElo "1769"]
[PlyCount "38"]
[EventDate "2004.07.25"]

1. e4 e5 2. Nf3 Nc6 3. Bc4 Bc5 4. c3 Nf6 5. d4 exd4 6. cxd4 Bb4+ 7. Nc3 Nxe4 8.
O-O Bxc3 9. d5 Bf6 10. Re1 Ne7 11. Rxe4 d6 12. Bg5 Bxg5 13. Nxg5 O-O 14. Nxh7
Kxh7 15. Qh5+ Kg8 16. Rh4 f5 17. Rh3 f4 18. Qh7+ Kf7 19. Qh5+ Kg8 1/2-1/2

[Event "II Open ICSC"]
[Site "Malente GER"]
[Date "2004.07.30"]
[Round "5"]
[White "Grudina, Marco"]
[Black "Michalowski, Richard"]
[Result "1/2-1/2"]
[WhiteElo "1769"]
[BlackElo "1921"]
[PlyCount "112"]
[EventDate "2004.07.25"]

1. e4 d5 2. exd5 Qxd5 3. Nc3 Qa5 4. d4 Nf6 5. Nf3 Bg4 6. h3 Bh5 7. Bd2 Qb6 8.
Na4 Qd6 9. Nc3 c6 10. Be3 e6 11. Be2 Nbd7 12. O-O Be7 13. Qd2 Qc7 14. a3 O-O
15. Rad1 Rad8 16. Bf4 Bd6 17. Bxd6 Qxd6 18. Qe3 Nd5 19. Nxd5 exd5 20. Qd2 Rfe8
21. Rfe1 Re7 22. Nh4 Bg6 23. Nxg6 hxg6 24. Bf3 Rde8 25. Rxe7 Qxe7 26. Kf1 Nf6
27. Re1 Ne4 28. Bxe4 dxe4 29. c4 Rd8 30. Qe3 f5 31. f3 Qd7 32. Rd1 Qe6 33. b3
b6 34. fxe4 fxe4 35. Kg1 Rf8 36. Re1 Re8 37. Rf1 Rf8 38. Rxf8+ Kxf8 39. Qf4+
Ke7 40. Kf2 b5 41. cxb5 cxb5 42. Qg5+ Qf6+ 43. Qxf6+ gxf6 44. Ke3 f5 45. g4 Ke6
46. gxf5+ Kxf5 47. h4 a5 48. b4 a4 49. d5 Ke5 50. d6 Kxd6 51. Kxe4 Ke6 52. Kf4
Kf6 53. Kg4 Kf7 54. Kg5 Kg7 55. Kg4 Kf6 56. Kf4 Ke6 1/2-1/2

[Event "II Open ICSC"]
[Site "Malente GER"]
[Date "2004.08.04"]
[Round "9"]
[White "Michalowski, Richard"]
[Black "Capitanio, Giovanni"]
[Result "1-0"]
[WhiteElo "1921"]
[BlackElo "1440"]
[PlyCount "73"]
[EventDate "2004.07.25"]

1. c4 Nf6 2. Nc3 c5 3. g3 d5 4. cxd5 Nxd5 5. Bg2 Nc7 6. Nf3 Nc6 7. a3 e5 8. d3
Be7 9. O-O Rb8 10. Ne1 Be6 11. e3 Qd7 12. Rb1 c4 13. f3 cxd3 14. Rf2 Bc4 15. b4
b5 16. Rd2 O-O 17. Nxd3 Nd4 18. Nxe5 Qe6 19. Nxc4 bxc4 20. Rxd4 Bf6 21. Re4
Rfd8 22. Qc2 Qd7 23. Bb2 Rb6 24. Ne2 Qd2 25. Qxd2 Rxd2 26. Nd4 Rd6 27. Bf1 Bxd4
28. Bxd4 Rh6 29. h4 g5 30. Rg4 Ne6 31. Bxc4 Nxd4 32. exd4 Kf8 33. d5 Rf6 34.
Rf1 h6 35. hxg5 hxg5 36. Rf2 Rd1+ 37. Kg2 1-0

[Event "XII Torneo Internazionale"]
[Site "Salona-Spalato CRO"]
[Date "2004.12.04"]
[Round "2"]
[White "Godena, Michele"]
[Black "Jankovic, Alojzije"]
[Result "1/2-1/2"]
[WhiteElo "2550"]
[BlackElo "2477"]
[PlyCount "58"]
[EventDate "2004.12.03"]

1.e4 c5 2.Nf3 e6 3.c3 Nf6 4.e5 Nd5 5.d4 cxd4 6.cxd4 d6 7.Bc4 Nc6 8.O-O Be7
9.Qe2 O-O 10.Nc3 Nxc3 11.bxc3 dxe5 12.dxe5 Qa5 13.Rb1 Qxc3 14.Rb5 Na5 15.
Bd3 Rd8 16.Rd1 Rxd3 17.Qxd3 Qxd3 18.Rxd3 b6 19.Rb1 Kf8 20.Ba3 Ba6 21.Bxe7+
Kxe7 22.Rc3 Bc4 23.Rd1 Rc8 24.h3 Rc5 25.a3 b5 26.Rc2 Nc6 27.Re1 a6 28.Re3 
Rd5 29.Rd2 Rc5 1/2-1/2

[Event "XII Torneo Internazionale"]
[Site "Salona-Spalato CRO"]
[Date "2004.12.06"]
[Round "4"]
[White "Godena, Michele"]
[Black "Ljubicic, Filip"]
[Result "1-0"]
[WhiteElo "2550"]
[BlackElo "2395"]
[PlyCount "59"]
[EventDate "2004.12.03"]

1.e4 d6 2.d4 g6 3.Nf3 Bg7 4.c3 Nf6 5.Bd3 O-O 6.O-O Nc6 7.Re1 e5 8.h3 Re8 
9.Na3 a6 10.Nc2 h6 11.Bd2 Kh7 12.a3 Rb8 13.Rc1 d5 14.exd5 Qxd5 15.Nxe5 
Nxe5 16.Rxe5 Rxe5 17.Nb4 Qd6 18.dxe5 Qxe5 19.Qf3 a5 20.Re1 Qc5 21.Be3 Qd6 
22.Bf4 Qb6 23.Re7 axb4 24.Bxc7 Qc5 25.Rxf7 Kg8 26.axb4 Qg5 27.Rxg7+ Kxg7 
28.Bxb8 h5 29.Bf4 Qh4 30.Qe3 1-0